[Event "Festival Carnevale d'Europa"]
[Site "Cento ITA"]
[Date "2011.02.11"]
[Round "7"]
[White "Umudova, Nargiz"]
[Black "Malloni, Marcello"]
[WhiteElo "2246"]
[BlackElo "2285"]
[Result "1/2-1/2"]
[PlyCount "75"]
[EventDate "2011.02.05"]

1. e4 e5 2. Nf3 Nc6 3. Bb5 Nf6 4. O-O Nxe4 5. d4 Nd6 6. Bxc6 dxc6 7. dxe5 Nf5
8. Qxd8+ Kxd8 9. Nc3 h6 10. b3 Be6 11. Bb2 c5 12. Rad1+ Kc8 13. Rd2 b6 14. Rfd1
Kb7 15. Nd5 g5 16. h3 Ne7 17. c4 Ng6 18. Kh2 Bg7 19. Nf6 a5 20. a4 Kc6 21. g3
Bf8 22. Nh5 Be7 23. Ng7 Raf8 24. Nxe6 fxe6 25. Kg2 Rf7 26. Re2 Re8 27. Rd3 Bf8
28. Red2 Be7 29. Re2 Kb7 30. Nd2 Rf5 31. Rf3 Kc6 32. Rd3 Bf8 33. Nf1 Bg7 34.
Ne3 Rf7 35. Ng4 Rf5 36. Ne3 Rf7 37. Ng4 Rf5 38. Ne3 1/2-1/2

[Event "Festival Carnevale d'Europa"]
[Site "Cento ITA"]
[Date "2011.02.11"]
[Round "7"]
[White "Vesce, Emanuele"]
[Black "Campini, Marco"]
[WhiteElo "1875"]
[BlackElo "2086"]
[Result "0-1"]
[PlyCount "104"]
[EventDate "2011.02.05"]

1. e4 c5 2. Nf3 d6 3. d4 cxd4 4. Nxd4 Nf6 5. Nc3 a6 6. Bg5 e6 7. f4 Qc7 8. Qf3
Be7 9. O-O-O Nbd7 10. g4 b5 11. Bxf6 gxf6 12. f5 Ne5 13. Qh3 Bd7 14. fxe6 fxe6
15. Qh5+ Ng6 16. Nf5 Bf8 17. e5 d5 18. Nh4 Qxe5 19. Nxg6 Qxh5 20. gxh5 hxg6 21.
hxg6 Rh4 22. Be2 b4 23. Nb1 Bh6+ 24. Nd2 a5 25. Kb1 Kf8 26. Nf3 Re4 27. Bd3 Rf4
28. Nd2 Kg7 29. h4 Bc6 30. h5 e5 31. Rdf1 Rh8 32. Rxf4 Bxf4 33. Nb3 d4 34. Rh3
Bg2 35. Rh4 Bg5 36. Rh2 Bd5 37. Nc5 Re8 38. Be4 Bc4 39. b3 Rc8 40. Nd3 Be6 41.
Rg2 Be3 42. Bb7 Rc7 43. Bf3 Bf5 44. Nb2 e4 45. Bd1 Be6 46. Bg4 f5 47. Bh3 d3
48. Nd1 Bh6 49. Kb2 d2 50. Re2 Bd7 51. c4 bxc3+ 52. Nxc3 Rxc3 0-1

[Event "Festival Carnevale d'Europa"]
[Site "Cento ITA"]
[Date "2011.02.11"]
[Round "7"]
[White "Vezzani, Stefano"]
[Black "Castellano, Alfonso"]
[WhiteElo "2168"]
[BlackElo "1928"]
[Result "1-0"]
[PlyCount "45"]
[EventDate "2011.02.05"]

1. e4 c5 2. d3 Nc6 3. g3 g6 4. Bg2 Bg7 5. f4 d6 6. Nf3 e6 7. O-O Nge7 8. c3 O-O
9. Na3 f5 10. Be3 b6 11. Qb3 h6 12. Rad1 Rb8 13. Nh4 Kh7 14. Rfe1 a6 15. Qc2 d5
16. Bc1 Bd7 17. exd5 exd5 18. Nf3 Qc7 19. d4 c4 20. Ne5 Nxe5 21. dxe5 Be6 22.
Qf2 Nc6 23. Bxd5 1-0

[Event "Festival Carnevale d'Europa"]
[Site "Cento ITA"]
[Date "2011.02.12"]
[Round "8"]
[White "Baldazzi, Stefano"]
[Black "Caprio, Guido"]
[WhiteElo "2180"]
[BlackElo "2272"]
[Result "0-1"]
[PlyCount "64"]
[EventDate "2011.02.05"]

1. c4 b6 2. e4 Bb7 3. Nc3 e6 4. g3 c5 5. Bg2 Nf6 6. Nge2 Qc7 7. d3 a6 8. O-O
Be7 9. Bf4 d6 10. Rc1 O-O 11. h3 Nbd7 12. Qd2 h5 13. Bg5 Rfe8 14. b3 Rad8 15.
Rfd1 Qb8 16. Qf4 Nf8 17. Rc2 Bc6 18. d4 cxd4 19. Nxd4 Ba8 20. Qc1 Rc8 21. Qd2
N8d7 22. Qe2 g6 23. Bc1 Bf8 24. Qd2 Nc5 25. Re1 e5 26. Nde2 Ncxe4 27. Qe3 Nxc3
28. Nxc3 Bxg2 29. Kxg2 b5 30. Qf3 Bg7 31. Bg5 Nh7 32. Ne4 f5 0-1

[Event "Festival Carnevale d'Europa"]
[Site "Cento ITA"]
[Date "2011.02.12"]
[Round "8"]
[White "Bonetti, Carlo"]
[Black "Gulinelli, Euro"]
[WhiteElo "1915"]
[BlackElo "1613"]
[Result "1-0"]
[PlyCount "113"]
[EventDate "2011.02.05"]

1. e4 c6 2. d4 d5 3. Nd2 dxe4 4. Nxe4 Bf5 5. Ng3 Bg6 6. h4 h6 7. Nh3 Nd7 8. Nf4
Bh7 9. Bd3 Bxd3 10. Qxd3 Ngf6 11. Ne6 Qb6 12. Nxf8 Nxf8 13. O-O e6 14. Bd2 N8d7
15. c4 O-O 16. Bc3 Rfe8 17. b4 Rad8 18. Rab1 Qc7 19. f4 b6 20. Qf3 a6 21. a4
Rc8 22. c5 Nd5 23. Ne4 Ra8 24. Be1 b5 25. a5 N7f6 26. Nd6 Rf8 27. Bg3 Qd7 28.
f5 exf5 29. Nxf5 Rfe8 30. Be5 Kh7 31. Nxg7 Kxg7 32. Bxf6+ Nxf6 33. Qxf6+ Kg8
34. Rb3 Qc7 35. Qxh6 Re6 36. Qf4 Qd7 37. Rg3+ Kf8 38. Qg4 Ke7 39. Rxf7+ Kxf7
40. Qg7+ Ke8 41. Qg8+ Ke7 42. Rg7+ Kf6 43. Rg6+ Kf5 44. g4+ Kf4 45. Qxe6 Qxd4+
46. Kf1 Qd3+ 47. Kf2 Qd4+ 48. Ke2 Qb2+ 49. Kf1 Qc1+ 50. Qe1 Qc4+ 51. Kg1 Qd4+
52. Qf2+ Qxf2+ 53. Kxf2 Rf8 54. h5 Ke4+ 55. Ke2 Rf3 56. Re6+ Kf4 57. Rf6+ 1-0

[Event "Festival Carnevale d'Europa"]
[Site "Cento ITA"]
[Date "2011.02.12"]
[Round "8"]
[White "Boscolo, Federico"]
[Black "Arnetta, Maria Teresa"]
[WhiteElo "2196"]
[BlackElo "2071"]
[Result "1/2-1/2"]
[PlyCount "123"]
[EventDate "2011.02.05"]

1. e4 c5 2. Nf3 Nc6 3. c3 d5 4. exd5 Qxd5 5. d4 cxd4 6. cxd4 e5 7. Nc3 Bb4 8.
Be2 exd4 9. O-O Qd8 10. Nb5 Nf6 11. Nfxd4 Nxd4 12. Qxd4 Qxd4 13. Nxd4 O-O 14.
Bg5 Ne4 15. Bh4 a6 16. Rfd1 Re8 17. Bd3 Bc5 18. Nb3 Bb6 19. Bxe4 Rxe4 20. Bd8
Ba7 21. Na5 Bg4 22. Rd6 Rd4 23. Bc7 Rc8 24. Re1 h6 25. Nb3 Rxd6 26. Bxd6 Rc2
27. Bg3 Rxb2 28. Re8+ Kh7 29. h3 Be6 30. Re7 Bxb3 31. Rxb7 Bxf2+ 32. Bxf2 Rb1+
33. Kh2 Bxa2 34. Rxb1 Bxb1 35. Be1 Kg6 36. Bc3 f5 37. Kg3 Be4 38. Kf2 Kf7 39.
g3 g6 40. h4 g5 41. hxg5 hxg5 42. Bd2 Kg6 43. Ke3 Kh5 44. Kd4 Kg4 45. Kc5 Kh5
46. Kb6 Bd3 47. Ka5 Kg6 48. Kb4 Kf6 49. Ka5 f4 50. Bxf4 gxf4 51. gxf4 Kf5 52.
Kb4 Ke4 53. f5 Kxf5 54. Kc3 Ke4 55. Kb2 Kd4 56. Ka1 Kc3 57. Ka2 Bc4+ 58. Ka1 a5
59. Kb1 a4 60. Ka1 a3 61. Kb1 Kb3 62. Ka1 1/2-1/2

[Event "Festival Carnevale d'Europa"]
[Site "Cento ITA"]
[Date "2011.02.12"]
[Round "8"]
[White "Bossoni, Mario"]
[Black "Pelyushenko, Vladyslav"]
[WhiteElo "1952"]
[BlackElo "1784"]
[Result "1-0"]
[PlyCount "41"]
[EventDate "2011.02.05"]

1. e4 d6 2. d4 Nf6 3. Nc3 g6 4. f4 Bg7 5. Nf3 O-O 6. e5 Ne8 7. Bc4 c6 8. O-O d5
9. Bd3 Nd7 10. f5 Nb6 11. Ng5 f6 12. Nxh7 gxf5 13. Nxf8 Kxf8 14. Bxf5 Nc7 15.
exf6 exf6 16. Qh5 Qe7 17. Bxc8 Rxc8 18. Bh6 Bxh6 19. Qxh6+ Qg7 20. Rxf6+ Kg8
21. Rg6 1-0

[Event "Festival Carnevale d'Europa"]
[Site "Cento ITA"]
[Date "2011.02.12"]
[Round "8"]
[White "Bove, Alessandro"]
[Black "Godena, Michele"]
[WhiteElo "2365"]
[BlackElo "2541"]
[Result "0-1"]
[PlyCount "58"]
[EventDate "2011.02.05"]

1. e4 e5 2. Nc3 Nc6 3. Nf3 Nf6 4. d4 Bb4 5. d5 Nb8 6. Bd2 d6 7. Bd3 c6 8. dxc6
bxc6 9. Qe2 Nbd7 10. a3 Ba5 11. O-O O-O 12. Rfd1 Re8 13. Bc4 Qe7 14. b4 Bb6 15.
b5 Bb7 16. Bg5 h6 17. Nh4 Bc5 18. Nf5 Qf8 19. Bxh6 gxh6 20. Qf3 Kh7 21. Rd3
cxb5 22. Bxb5 Re6 23. Nh4 Bd4 24. Qf5+ Kh8 25. Bc4 Bxc3 26. Bxe6 Bxe4 27. Qh3
Bxa1 28. Rg3 fxe6 29. Rg6 Rb8 0-1

[Event "Festival Carnevale d'Europa"]
[Site "Cento ITA"]
[Date "2011.02.12"]
[Round "8"]
[White "Bruno, Fabio"]
[Black "Rozentalis, Eduardas"]
[WhiteElo "2436"]
[BlackElo "2588"]
[Result "0-1"]
[PlyCount "82"]
[EventDate "2011.02.05"]

1. d4 Nf6 2. Nf3 e6 3. e3 b6 4. c4 Bb7 5. Bd3 Be7 6. O-O O-O 7. Nc3 d5 8. b3 c5
9. Bb2 cxd4 10. exd4 Nc6 11. Rc1 Rc8 12. Qe2 Nb4 13. Bb1 dxc4 14. bxc4 Bxf3 15.
Qxf3 Rxc4 16. d5 Nbxd5 17. Nxd5 Qxd5 18. Rxc4 Qxc4 19. Qb7 Bc5 20. Bxf6 gxf6
21. Qf3 f5 22. Rd1 Qg4 23. Qxg4+ fxg4 24. Rd7 a5 25. Bd3 a4 26. g3 h5 27. Bb5
a3 28. Bc4 Rc8 29. Bb3 Bf8 30. Kg2 Rc3 31. Bd1 Bc5 32. Rd2 Kg7 33. h3 f5 34.
hxg4 hxg4 35. Rc2 Rd3 36. Be2 Rd4 37. Bc4 Kf6 38. Kf1 Rd1+ 39. Ke2 Rh1 40. Bb3
e5 41. Rd2 e4 0-1

[Event "Festival Carnevale d'Europa"]
[Site "Cento ITA"]
[Date "2011.02.12"]
[Round "8"]
[White "Cardani, Roberto"]
[Black "Bruno, Elio"]
[WhiteElo "1947"]
[BlackElo "1671"]
[Result "1-0"]
[PlyCount "79"]
[EventDate "2011.02.05"]

1. e4 c5 2. Nf3 d6 3. d4 cxd4 4. Nxd4 Nf6 5. Nc3 a6 6. Be3 e6 7. f3 Be7 8. Qd2
O-O 9. O-O-O b5 10. g4 Bb7 11. g5 Nh5 12. Nce2 g6 13. Ng3 Ng7 14. h4 Nc6 15.
Nxc6 Bxc6 16. h5 f5 17. gxf6 Bxf6 18. hxg6 hxg6 19. Bh3 Be7 20. Qh2 Kf7 21. Ne2
Qa5 22. Kb1 Rh8 23. Qf4+ Ke8 24. Bxe6 Nxe6 25. Rxh8+ Kd7 26. Qh6 Rxh8 27. Qxh8
b4 28. Qh3 Qh5 29. Qg2 g5 30. Ng3 Qg6 31. Nf5 Bf8 32. Qd2 Ng7 33. Nxg7 Qxg7 34.
Bxg5 a5 35. Bf4 Qg6 36. Qd4 Kc7 37. Qa7+ Bb7 38. Qxa5+ Kb8 39. Qd8+ Bc8 40.
Qxf8 1-0

[Event "Festival Carnevale d'Europa"]
[Site "Cento ITA"]
[Date "2011.02.12"]
[Round "8"]
[White "Carletti, Davide M."]
[Black "Pierangeli, Andrea"]
[WhiteElo "1702"]
[BlackElo "1964"]
[Result "1/2-1/2"]
[PlyCount "81"]
[EventDate "2011.02.05"]

1. e4 c5 2. Nf3 d6 3. d4 cxd4 4. Nxd4 Nf6 5. Nc3 g6 6. Be3 Bg7 7. f3 a6 8. g4
b5 9. Qd2 Bb7 10. h4 Nbd7 11. h5 Rc8 12. hxg6 hxg6 13. Rxh8+ Bxh8 14. O-O-O Ne5
15. a3 Nfd7 16. Qh2 Bg7 17. Qh7 Bf8 18. Qh8 Qa5 19. Nb3 Qc7 20. Be2 Nb6 21. Bh6
Ned7 22. Bd3 Nc4 23. Bxc4 Qxc4 24. Na5 Qc7 25. Nxb7 Qxb7 26. f4 b4 27. axb4
Qxb4 28. Rd4 Rc4 29. Bxf8 Nxf8 30. Rxc4 Qxc4 31. Qh1 e6 32. Qd1 Ke7 33. Qd3 Qc6
34. f5 gxf5 35. gxf5 Nd7 36. Qg3 exf5 37. Qg5+ Ke8 38. Nd5 Kf8 39. Qh6+ Ke8 40.
Qg5 Kf8 41. Qh6+ 1/2-1/2

[Event "Festival Carnevale d'Europa"]
[Site "Cento ITA"]
[Date "2011.02.12"]
[Round "8"]
[White "Caruso, Augusto"]
[Black "Astengo, Corrado"]
[WhiteElo "2256"]
[BlackElo "2146"]
[Result "1-0"]
[PlyCount "45"]
[EventDate "2011.02.05"]

1. e4 e6 2. Nf3 d5 3. Nc3 d4 4. Ne2 c5 5. c3 Nc6 6. cxd4 cxd4 7. Qa4 Bc5 8. b4
Bxb4 9. Nexd4 Nge7 10. Bb5 Qa5 11. Nxc6 Qxa4 12. Bxa4 Nxc6 13. Rb1 Bd6 14. Nd4
Kd7 15. O-O Be5 16. Nf3 Bf6 17. d4 Kd8 18. Bf4 h6 19. Rfc1 g5 20. Bg3 g4 21. d5
gxf3 22. dxc6 bxc6 23. Bxc6 1-0

[Event "Festival Carnevale d'Europa"]
[Site "Cento ITA"]
[Date "2011.02.12"]
[Round "8"]
[White "Castellano, Alfonso"]
[Black "Vesce, Emanuele"]
[WhiteElo "1928"]
[BlackElo "1875"]
[Result "1/2-1/2"]
[PlyCount "50"]
[EventDate "2011.02.05"]

1. c4 b6 2. Nf3 Bb7 3. g3 Bxf3 4. exf3 c5 5. Bg2 Nc6 6. Nc3 Nf6 7. f4 Rc8 8. a3
g6 9. O-O Bg7 10. Rb1 O-O 11. b4 Nd4 12. b5 e6 13. d3 Qc7 14. Bb2 Rfd8 15. Ne2
Nf5 16. Qc2 d5 17. Be5 Qe7 18. Nc3 dxc4 19. dxc4 Nd7 20. Bxg7 Kxg7 21. Rfe1 Nf6
22. Rbd1 Nd4 23. Qb2 Rd6 24. h3 h5 25. Ne4 Nxe4 1/2-1/2

[Event "Festival Carnevale d'Europa"]
[Site "Cento ITA"]
[Date "2011.02.12"]
[Round "8"]
[White "Cocchi, Andrea"]
[Black "Leon Hoyos, Manuel"]
[WhiteElo "2281"]
[BlackElo "2565"]
[Result "0-1"]
[PlyCount "106"]
[EventDate "2011.02.05"]

1. Nf3 c5 2. c4 Nc6 3. g3 g6 4. Bg2 Bg7 5. Nc3 d6 6. O-O Nh6 7. a3 O-O 8. Rb1
a6 9. d3 Nf5 10. Bd2 Rb8 11. b4 cxb4 12. axb4 b5 13. cxb5 axb5 14. e4 Nfd4 15.
Nxd4 Nxd4 16. Be3 Be6 17. Ne2 Nxe2+ 18. Qxe2 Ra8 19. Rfc1 Ba2 20. e5 Bxb1 21.
Bxa8 Qxa8 22. Rxb1 dxe5 23. Bc5 Bf6 24. h4 Rd8 25. Qe4 Qa2 26. Re1 Qc2 27. Re3
h5 28. Kg2 Qa2 29. Bb6 Rd7 30. Bc5 Qa6 31. Re2 Bg7 32. Rc2 f5 33. Qe2 Qa8+ 34.
Kh2 Qd5 35. Ra2 Kf7 36. Ra3 Bf6 37. Kg1 Qe6 38. Qf3 Rd5 39. Ra7 Rd8 40. Rb7 Qb3
41. Qc6 Qxd3 42. Qxb5 Qb1+ 43. Kh2 Rd1 44. Rxe7+ Bxe7 45. Qb7 Rh1+ 46. Qxh1
Qxh1+ 47. Kxh1 Bxc5 48. bxc5 Ke6 49. Kg2 Kd5 50. Kf3 Kxc5 51. Ke3 Kc4 52. Kd2
Kd4 53. Ke2 Ke4 0-1

[Event "Festival Carnevale d'Europa"]
[Site "Cento ITA"]
[Date "2011.02.12"]
[Round "8"]
[White "Colonnello, Piero"]
[Black "Urosevic, Goran"]
[WhiteElo "1934"]
[BlackElo "2228"]
[Result "0-1"]
[PlyCount "70"]
[EventDate "2011.02.05"]

1. e4 c5 2. Nf3 Nc6 3. d4 cxd4 4. Nxd4 Nf6 5. Nc3 e5 6. Ndb5 d6 7. Bg5 a6 8.
Na3 b5 9. Nd5 Be7 10. Bxf6 Bxf6 11. c3 O-O 12. Nc2 Bg5 13. a4 bxa4 14. Rxa4 a5
15. Bc4 Rb8 16. b3 Kh8 17. Nce3 Be6 18. O-O g6 19. Qd3 f5 20. exf5 gxf5 21. f4
e4 22. Qd2 Bh6 23. b4 axb4 24. cxb4 Bg7 25. b5 Nd4 26. b6 Bxd5 27. Nxd5 Rxb6
28. Nxb6 Qxb6 29. Qb4 Qc7 30. Ra6 Nc2 31. Qa4 Qc5+ 32. Kh1 Ne3 33. Be2 Nxf1 34.
Bxf1 Qc1 35. Qc4 Qxf4 0-1

[Event "Festival Carnevale d'Europa"]
[Site "Cento ITA"]
[Date "2011.02.12"]
[Round "8"]
[White "David, Alberto"]
[Black "Delchev, Aleksander"]
[WhiteElo "2580"]
[BlackElo "2629"]
[Result "1/2-1/2"]
[PlyCount "35"]
[EventDate "2011.02.05"]

1. e4 e5 2. Nf3 Nc6 3. Bb5 a6 4. Ba4 Nf6 5. O-O Be7 6. Re1 b5 7. Bb3 d6 8. c3
O-O 9. h3 Na5 10. Bc2 c5 11. d4 Nd7 12. d5 Nb6 13. Nbd2 g6 14. b4 cxb4 15. cxb4
Nac4 16. Nxc4 Nxc4 17. Bh6 Re8 18. Bb3 1/2-1/2

[Event "Festival Carnevale d'Europa"]
[Site "Cento ITA"]
[Date "2011.02.12"]
[Round "8"]
[White "Drasko, Milan"]
[Black "De Santis, Alessio"]
[WhiteElo "2486"]
[BlackElo "2289"]
[Result "1-0"]
[PlyCount "87"]
[EventDate "2011.02.05"]

1. Nf3 Nf6 2. g3 b6 3. Bg2 Bb7 4. O-O g6 5. c4 Bg7 6. d4 O-O 7. Qc2 Be4 8. Qd2
c5 9. Nc3 Bb7 10. d5 d6 11. Rd1 Na6 12. e4 Nd7 13. b3 Nc7 14. Bb2 a6 15. Ne2 f6
16. a4 Ra7 17. Ne1 Kh8 18. f4 Rg8 19. Nf3 Bc8 20. e5 fxe5 21. fxe5 Nxe5 22.
Nxe5 dxe5 23. Qe3 Bg4 24. Rd2 Bxe2 25. Rxe2 Ne8 26. Bh3 Qd6 27. Rf1 Bf6 28. Be6
Rf8 29. g4 Nc7 30. Bxe5 Qd8 31. g5 Nxe6 32. gxf6 exf6 33. Rxf6 Ng7 34. Rxf8+
Qxf8 35. Rf2 Qd8 36. a5 Kg8 37. axb6 Re7 38. d6 Re6 39. b7 Nf5 40. Rxf5 gxf5
41. d7 Qxd7 42. b8=Q+ Kf7 43. Kf2 Re8 44. Qd6 1-0

[Event "Festival Carnevale d'Europa"]
[Site "Cento ITA"]
[Date "2011.02.12"]
[Round "8"]
[White "Dreev, Alexey S."]
[Black "Naumkin, Igor"]
[WhiteElo "2694"]
[BlackElo "2499"]
[Result "1-0"]
[PlyCount "63"]
[EventDate "2011.02.05"]

1. d4 e6 2. c4 f5 3. Nc3 Bb4 4. Qb3 Qe7 5. e3 Nf6 6. Nge2 O-O 7. g3 Bxc3+ 8.
Nxc3 d6 9. Bg2 Nc6 10. O-O Kh8 11. Bd2 e5 12. Nd5 Qf7 13. Nxf6 Qxf6 14. dxe5
dxe5 15. Bc3 Rb8 16. Qa3 Bd7 17. b4 a6 18. b5 axb5 19. cxb5 Ne7 20. Qc5 Ng6 21.
a4 Rfc8 22. f4 b6 23. fxe5 Qg5 24. Qd4 Be6 25. Rae1 Re8 26. Qb4 Rbd8 27. Bd4
Bg8 28. Rc1 Re7 29. a5 bxa5 30. Qxa5 Rdd7 31. Qa8 Nxe5 32. b6 1-0

[Event "Festival Carnevale d'Europa"]
[Site "Cento ITA"]
[Date "2011.02.12"]
[Round "8"]
[White "Govoni, Fausto"]
[Black "Monducci, Mirko"]
[WhiteElo "2203"]
[BlackElo "1925"]
[Result "1-0"]
[PlyCount "127"]
[EventDate "2011.02.05"]

1. e4 c6 2. d4 d5 3. e5 Bf5 4. c3 e6 5. Be3 Nd7 6. Nd2 c5 7. Be2 Ne7 8. g4 Bg6
9. h4 h6 10. h5 Bh7 11. f4 Nc6 12. Ngf3 cxd4 13. Bxd4 Nxd4 14. Nxd4 Bc5 15.
N2b3 Be7 16. Bd3 Bxd3 17. Qxd3 Qc7 18. O-O-O a6 19. Kb1 O-O-O 20. Rhe1 Nc5 21.
Nxc5 Bxc5 22. Nf3 Kb8 23. f5 Qe7 24. Re2 Bb6 25. Qd2 Rc8 26. Qf4 Rc4 27. Qg3
Ka8 28. Nd2 Rcc8 29. Rf1 Bc7 30. Qe3 Rcg8 31. Nb3 Bb8 32. Nc1 Ba7 33. Qf3 Bb8
34. Nd3 g6 35. hxg6 fxg6 36. f6 Qf7 37. Rh1 h5 38. g5 Rf8 39. Rh4 Rc8 40. Nf4
Rhg8 41. Qh3 Rc6 42. Nxd5 exd5 43. e6 Qf8 44. Qf3 Bd6 45. Qxd5 Rc5 46. Qd2 Qb8
47. Rd4 Rc6 48. f7 Rh8 49. e7 Bxe7 50. Rxe7 h4 51. Rxh4 Rxh4 52. Re8 Rh1+ 53.
Kc2 Rc8 54. Qd7 Rh8 55. Re6 Qc7 56. Qd5 Kb8 57. Rxg6 Rh2+ 58. Kd1 Rd8 59. Rg8
Rh1+ 60. Kc2 Rh2+ 61. Kb3 Rh8 62. Qxd8+ Qxd8 63. Rxd8+ Rxd8 64. g6 1-0

[Event "Festival Carnevale d'Europa"]
[Site "Cento ITA"]
[Date "2011.02.12"]
[Round "8"]
[White "Guidi, Marco"]
[Black "Gaspari, Mauro"]
[WhiteElo "1867"]
[BlackElo "1951"]
[Result "0-1"]
[PlyCount "75"]
[EventDate "2011.02.05"]

1. e4 d6 2. f4 Nf6 3. e5 dxe5 4. fxe5 Nd5 5. c4 Nb6 6. d4 Nc6 7. Be3 Bf5 8. Nc3
e6 9. Be2 Qd7 10. Nf3 O-O-O 11. Qd2 h6 12. O-O g5 13. Rfd1 Qe7 14. Qc1 Bg7 15.
a4 Na5 16. b4 Nb3 17. Qb2 Nxa1 18. Rxa1 g4 19. Nd2 f6 20. a5 Na8 21. a6 b6 22.
Nb5 c6 23. Nd6+ Rxd6 24. exd6 Qxd6 25. c5 Qc7 26. b5 Kb8 27. Nc4 e5 28. g3 h5
29. Bf1 Be4 30. Rc1 h4 31. Bg2 Bxg2 32. Kxg2 hxg3 33. hxg3 Qf7 34. cxb6 Qd5+
35. Kf1 Qf3+ 36. Ke1 Rh1+ 37. Kd2 Rh2+ 38. Kc3 0-1

[Event "Festival Carnevale d'Europa"]
[Site "Cento ITA"]
[Date "2011.02.12"]
[Round "8"]
[White "Korneev, Oleg"]
[Black "Manca, Federico"]
[WhiteElo "2576"]
[BlackElo "2384"]
[Result "1-0"]
[PlyCount "107"]
[EventDate "2011.02.05"]

1. e4 e5 2. Nf3 Nc6 3. Bb5 a6 4. Ba4 Nf6 5. O-O Be7 6. Re1 b5 7. Bb3 d6 8. c3
O-O 9. h3 Na5 10. Bc2 c5 11. d4 Qc7 12. d5 Bd7 13. b3 Ne8 14. Nbd2 g6 15. Nf1
Ng7 16. Bh6 Nb7 17. a4 Rfb8 18. Ne3 Nd8 19. Ng4 f6 20. Qd2 Nf7 21. Be3 bxa4 22.
bxa4 Rb2 23. Qc1 Rab8 24. Nd2 f5 25. Nh6+ Nxh6 26. Bxh6 f4 27. Nc4 R2b7 28. Bd1
Ne8 29. a5 Bf8 30. Bxf8 Kxf8 31. Nb6 Nf6 32. Be2 Ra7 33. Rb1 Be8 34. g3 g5 35.
gxf4 gxf4 36. Bf3 Bg6 37. Kh2 Kg7 38. Qc2 Kh8 39. Qe2 Qg7 40. Nc4 Rxb1 41. Rxb1
Ra8 42. Nxd6 Nxd5 43. Qc4 Nf6 44. Qe6 Ne8 45. Qd5 Rd8 46. Nf7+ Qxf7 47. Qxd8
Qa2 48. Rf1 Qc4 49. Qe7 Kg8 50. Bg4 Ng7 51. Rd1 h5 52. Rd8+ Kh7 53. Rd7 Qg8 54.
Be6 1-0

[Event "Festival Carnevale d'Europa"]
[Site "Cento ITA"]
[Date "2011.02.12"]
[Round "8"]
[White "La Bella, Roberto"]
[Black "De Florio, Federico"]
[WhiteElo "2138"]
[BlackElo "2196"]
[Result "1-0"]
[PlyCount "85"]
[EventDate "2011.02.05"]

1. e4 c6 2. d4 d5 3. Nc3 dxe4 4. Nxe4 Nd7 5. Bc4 Ngf6 6. Ng5 e6 7. Ne2 Bd6 8.
Ng3 O-O 9. Be3 Nb6 10. Bd3 Nbd5 11. N3e4 Nxe4 12. Nxe4 Nxe3 13. fxe3 Bc7 14.
Qh5 f5 15. Ng5 h6 16. Nf3 Qd5 17. O-O b5 18. Nd2 c5 19. c4 Qd6 20. Ne4 Qxh2+
21. Qxh2 Bxh2+ 22. Kxh2 fxe4 23. Bxe4 Rxf1 24. Rxf1 Rb8 25. dxc5 bxc4 26. c6
Rxb2 27. Bg6 c3 28. Rf7 Rd2 29. Rxa7 Rf2 30. Ra8 Rf8 31. Ra3 Rf6 32. Be4 Rf2
33. Rxc3 Kf8 34. Ra3 Ke7 35. Ra8 Kd8 36. Ra7 e5 37. Bd5 Rd2 38. e4 Bg4 39. Rxg7
h5 40. Rg5 Bf3 41. Rg7 Bg4 42. Bc4 Rd6 43. Bd5 1-0

[Event "Festival Carnevale d'Europa"]
[Site "Cento ITA"]
[Date "2011.02.12"]
[Round "8"]
[White "Lekic, Dusan"]
[Black "Calavalle, Giulio"]
[WhiteElo "2389"]
[BlackElo "2237"]
[Result "1-0"]
[PlyCount "41"]
[EventDate "2011.02.05"]

1. d4 c5 2. d5 f5 3. e4 fxe4 4. Nc3 Nf6 5. g4 d6 6. g5 Nfd7 7. Nxe4 Nb6 8. Bf4
Bf5 9. Qe2 Bxe4 10. Qxe4 Qc7 11. Ne2 N8d7 12. Bg3 c4 13. Bg2 O-O-O 14. Nd4 Nc5
15. Qe3 g6 16. b4 cxb3 17. axb3 Bg7 18. Nb5 Qd7 19. Qxc5+ Kb8 20. Rxa7 Nc8 21.
Ra4 1-0

[Event "Festival Carnevale d'Europa"]
[Site "Cento ITA"]
[Date "2011.02.12"]
[Round "8"]
[White "Litrico, Paolo"]
[Black "Casadei, Mauro"]
[WhiteElo "1954"]
[BlackElo "2166"]
[Result "0-1"]
[PlyCount "98"]
[EventDate "2011.02.05"]

1. d4 Nf6 2. Nf3 g6 3. Nc3 d5 4. Bf4 Bg7 5. e3 O-O 6. Be2 c5 7. Ne5 Nc6 8. Nxc6
bxc6 9. O-O Nd7 10. Na4 Qa5 11. c3 e5 12. Bg5 Re8 13. Bf3 h6 14. Bh4 exd4 15.
c4 Ne5 16. Be2 d3 17. Bf3 Nxf3+ 18. gxf3 d4 19. e4 Bh3 20. Re1 f5 21. Bg3 d2
22. Re2 fxe4 23. Rxe4 Bf5 24. Bf4 Bxe4 25. Bxd2 Bxf3 26. Bxa5 Bxd1 27. Rxd1 Re2
28. Bc7 Rae8 29. Kf1 Bf8 30. Rc1 g5 31. Bg3 Kf7 32. Kg2 Kg6 33. Kf3 Kf5 34. h3
h5 35. Kg2 g4 36. hxg4+ hxg4 37. Rh1 d3 38. Rd1 Rd8 39. Kf1 Rc2 40. Bc7 Rd7 41.
Ba5 Rxc4 42. b3 Rc2 43. Nc3 Bg7 44. Na4 Be5 45. Bd2 Bf4 46. Bc3 Rd5 47. Bb2 g3
48. fxg3 Be3 49. g4+ Kxg4 0-1

[Event "Festival Carnevale d'Europa"]
[Site "Cento ITA"]
[Date "2011.02.12"]
[Round "8"]
[White "Malloni, Marcello"]
[Black "Brunello, Marina"]
[WhiteElo "2285"]
[BlackElo "2155"]
[Result "1-0"]
[PlyCount "71"]
[EventDate "2011.02.05"]

1. e4 c5 2. Nf3 d6 3. d4 cxd4 4. Nxd4 Nf6 5. Nc3 a6 6. Bc4 e6 7. O-O b5 8. Bb3
Bb7 9. Re1 Nbd7 10. a4 b4 11. Nd5 Nc5 12. Nxb4 Nxb3 13. cxb3 Qb6 14. Nbc2 Bxe4
15. Bg5 Be7 16. Bxf6 Bxc2 17. Qf3 Be4 18. Qxe4 d5 19. Qg4 gxf6 20. Nxe6 fxe6
21. Rxe6 Qc5 22. Rae1 Ra7 23. b4 Qc7 24. Qh5+ Kf8 25. Qxd5 Qb7 26. Qf5 Rg8 27.
g3 Qxb4 28. Qxh7 Qc5 29. Qe4 a5 30. Re3 Qb4 31. Qh7 Qc5 32. Rc3 Qd4 33. Rc8+
Bd8 34. Rxf6+ Qxf6 35. Qxa7 Rg5 36. Qd7 1-0

[Event "Festival Carnevale d'Europa"]
[Site "Cento ITA"]
[Date "2011.02.12"]
[Round "8"]
[White "Modder, Frank"]
[Black "Burani, Eugenio"]
[WhiteElo "1926"]
[BlackElo "1874"]
[Result "0-1"]
[PlyCount "76"]
[EventDate "2011.02.05"]

1. d4 Nf6 2. Nf3 c5 3. e3 g6 4. Be2 Bg7 5. O-O b6 6. c4 Bb7 7. Nc3 O-O 8. d5 d6
9. Qc2 Na6 10. a3 Nc7 11. b3 e6 12. dxe6 fxe6 13. Bb2 d5 14. Rad1 Qe7 15. cxd5
exd5 16. Rfe1 Rad8 17. Qb1 Kh8 18. Qa1 Nce8 19. Rd2 Nd6 20. Rc1 Nf5 21. Rcd1
Nxe3 22. fxe3 Qxe3+ 23. Kh1 Ng4 24. Ne4 d4 25. h3 Qxe4 26. hxg4 Qxg4 27. Rf1
Bh6 28. Rdd1 Qh5+ 29. Kg1 Be3+ 30. Rf2 Bxf3 31. Bxf3 Rxf3 32. gxf3 Qxf3 33.
Rdd2 Qg3+ 34. Kf1 Bxd2 35. Qd1 Be3 36. Rf3 Qg1+ 37. Ke2 Qg2+ 38. Kd3 Qxb2 0-1

[Event "Festival Carnevale d'Europa"]
[Site "Cento ITA"]
[Date "2011.02.12"]
[Round "8"]
[White "Mogranzini, Roberto"]
[Black "Collutiis, Duilio"]
[WhiteElo "2425"]
[BlackElo "2463"]
[Result "1/2-1/2"]
[PlyCount "20"]
[EventDate "2011.02.05"]

1. e4 e5 2. Nf3 Nc6 3. Bb5 Nf6 4. d3 Ne7 5. Nc3 c6 6. Bc4 Qa5 7. O-O Ng6 8. d4
Bb4 9. Qd3 Bxc3 10. bxc3 O-O 1/2-1/2

[Event "Festival Carnevale d'Europa"]
[Site "Cento ITA"]
[Date "2011.02.12"]
[Round "8"]
[White "Mueer, Sebastian"]
[Black "Damia, Angelo"]
[WhiteElo "2189"]
[BlackElo "2360"]
[Result "1-0"]
[PlyCount "79"]
[EventDate "2011.02.05"]

1. c4 Nf6 2. g3 c6 3. Bg2 d5 4. Nf3 e6 5. b3 Nbd7 6. Bb2 Bd6 7. O-O O-O 8. d3
e5 9. cxd5 cxd5 10. Nc3 Re8 11. Rc1 a6 12. e4 d4 13. Ne2 Nf8 14. h3 Qa5 15. a3
Be6 16. Nd2 Rac8 17. Nc4 Bxc4 18. dxc4 b5 19. b4 Bxb4 20. axb4 Qxb4 21. cxb5
Qxb2 22. Rxc8 Rxc8 23. bxa6 Qa3 24. Qa1 Qd3 25. Re1 Ra8 26. a7 Qc4 27. Nxd4 Qc5
28. Nb3 Qxa7 29. Qxe5 Rb8 30. Ra1 Qb6 31. Nd2 Ng6 32. Qc3 Re8 33. Re1 Ne5 34.
Nf3 Nxe4 35. Rxe4 Qb1+ 36. Ne1 f6 37. f4 Qb6+ 38. Kh2 Nf3+ 39. Qxf3 Rd8 40. Qe2
1-0